000 00639nam a22002057a 4500
003 OSt
005 20241115164117.0
008 241115b |||||||| |||| 00| 0 sp d
020 _a9789505577385
040 _acunsuroc
_besp
_cana
_dana
082 _21a. ed.
_a306 A685
_b1
245 _aCrítica cultural entre política y poética.-
_cArfuch, Leonor
_hFísico
250 _a1.a ed.
260 _aBuenos Aires, Argentina:
_bFCE,
_c2008
300 _a224p. ;
_bSociología
_c21cm.
365 _b1
_d82.14
_jar
650 _2Medios de comunicación masiva
650 _2Cultura
942 _2ddc
_cBK
_e1a. ed.
_h306 A685
_n0
999 _c4152
_d4152